00841nam a2200253 a 450000100060000000300080000600500170001400800420003103500190007304000320009204100080012408200220013210000230015424501300017726000780030730000280038550000210041360000350043465000230046965000160049265000160050870000340052470000290055821967BD-RjUL20211209000742.0180917r19671911us 000 0 eng d a(BD-RjUL)22032 aTLMcTLMdEQOdBD-RjULbeng aeng bDEP 1967223a1941 aDescartes, René 14aThe philosophical works of Descartes : brendered into English /cby René Descartes; Elizabeth S. Haldane and G. R. T. Ross aCambridge : bUniversity Press, c1911 [Reprinted, with corrections 1967] a2 v. : bIll. ; c23 cm a"In Two Volumes" aDescartes, René, d1596-1650 aPhilosophy, French aRationalism aMetaphysics a Haldane, Elizabeth S. , tr. aRoss, G. R. T. , jt. tr.